00310nam a2200121Ia 4500008004100000041000800041082001600049100001900065245002700084260004400111300002600155365000700181240624s9999 xx 000 0 und d aeng a005.758 THO aTHOMPSON KEVIN aLEARN SQL IN A WEEKEND c2002aNew DelhibPrentice-Hall of India axxi, : 497 : cm. ; 24 cRS